000 00542nam a2200205 a 4500
005 20140311163003.0
008 021014s19uu xx 00 eng d
020 _a0071135162
050 _aRT 41
_b.At82 1994
100 _aMurray, Mary Ellen
245 _aUnderstanding the Nursing Process :
_bthe next generation /
_cMary Ellen Murray.
300 _a171 p. :
_bill. ;
_c23 cm.
521 _aNUR
650 _aNursing
650 _aNursing diagnosis
942 _cBK
_2lcc
_kFOR
999 _c39238
_d39238